| 000 | 00498nam a2200157 4500 | ||
|---|---|---|---|
| 005 | 20260421093601.0 | ||
| 008 | 260421b |||||||| |||| 00| 0 eng d | ||
| 040 |
_aLC _cUNZA _dUNZA _eRDA |
||
| 050 |
_aBX5700 _b GOO 1864 |
||
| 100 | _aGoodwin, Harvey D.D. | ||
| 245 |
_aMemoir of Bishop Mackenzie / _cHarvey Goodwin, D.D. |
||
| 260 |
_aCambridge : _bBell and Daldy, _c1864. |
||
| 300 |
_a439 pages [ with various pages ] : _billustrations. |
||
| 650 |
_aBishop Makenzie _xMemoir |
||
| 942 | _cZAMBIANA | ||
| 999 |
_c216634 _d216634 |
||